000 00528nam a2200181 a 4500
005 20140412111257.0
008 010327s19uu xx 00 eng d
020 _a0-590-31527-7
050 _aTR(PS E
_bTr68 1981
100 _aZiefert, Harriet
245 _aTrain book (The)/
_cby Harriet Ziefert ; illustrated by Loek Koopmans.
260 _aNew York :
_bScholastic Book Services,
_c1981.
300 _a1 v. (unp.) ; ill.
650 _aTrains--Fiction
650 _aChildren stories
999 _c103254
_d103254